000 00340nam a22001577a 4500
003 SGT
020 _a9789356963313
082 _a618.2
_bD25K
100 _aKONAR, HIRALAL
245 _aDC DUTTA'S TB. OF OBSTETRICS
250 _a10TH
260 _aINDIA
_bJAYPEE PUB
_c2025
300 _a666
650 _aOBST & GYNE
942 _2ddc
_cBK
999 _c30749
_d30749